Language and social networks

Uloženo v:
Podrobná bibliografie
Hlavní autor: Milroy, Lesley (autora)
Médium: Kniha
Jazyk:angličtina
Vydáno: Oxford Basil Blackwell 1987
Vydání:2a. ed
Edice:Language in society, 2
Témata:
Tagy: Přidat tag
Žádné tagy, Buďte první, kdo vytvoří štítek k tomuto záznamu!

MARC

LEADER 00000nam a2200000 a 4500
001 UCK6428
003 CL-VaPUC
008 050930e19870000UK |||||||||||||||||eng|d
020 |a 0631153144 
082 0 4 |a 401.9  |b MIL  |2 21 
100 |a Milroy, Lesley  |e autora  |9 534468 
245 1 0 |a Language and social networks 
250 |a 2a. ed 
300 |a 232 p 
942 |c BK 
945 |d 20050930 00:00:00  |a jcarroza 
260 |a Oxford  |b Basil Blackwell  |c 1987 
650 0 |a Sociolingüística  |9 263716 
650 0 |a Lenguaje   |9 265069 
650 0 |a Lingüística  |9 265068 
650 0 |a Aspectos sociales  |9 254894 
583 |a last modification  |c 20050930 00:00:00  |k Rodrigo Vera 
490 0 |a Language in society, 2 
999 |c 314715  |d 314713 
952 |0 0  |1 0  |4 0  |6 401_900000000000000_MIL_1987  |7 0  |8 A  |9 387420  |a FDOPOS  |b FDOPOS  |d 2019-11-22  |i 4168844  |o 401.9 MIL 1987  |p 4168844  |r 2025-01-22  |w 2019-11-22  |y BK  |k MLA 
952 |0 0  |1 0  |4 0  |6 401_900000000000000_MIL_1987  |7 0  |8 A  |9 387421  |a FDOPOS  |b FDOPOS  |d 2019-11-22  |i 4516974  |o 401.9 MIL 1987  |p 4516974  |r 2025-01-22  |w 2019-11-22  |y BK  |k MLA